| 000 | 00375nam a2200145 a 4500 | ||
|---|---|---|---|
| 001 | 1809 | ||
| 003 | CDMR | ||
| 005 | 20130116135215.0 | ||
| 008 | 130130s1987||||||||||||||||||||||||||||d | ||
| 040 |
_aCDMR _bcat _cCPC GIRONA |
||
| 100 | 1 |
_aGenís, Narcís _91350 |
|
| 245 | 1 | 0 |
_aL'aigua a la Badia de Roses _cGenís, Narcís |
| 260 |
_c1987 _bConsorci de la Costa Brava |
||
| 942 | _cMON | ||
| 999 |
_c1809 _d1809 |
||